Normal view
MARC view
- Baker, John
Entry Nombre Personal
001 - NUMERO DE CONTROL
- campo de control: 46979
003 - IDENTIFICADOR DE NUMERO DE CONTROL
- campo de control: UPN
005 - FECHA Y HORA DE LA ÜLTIMA TRANSACCIÓN
- campo de control: 20221005142639.0
008 - DATOS DE LONGITUD FIJA
- campo de control de longitud fija: 221005|||az|nnaaan a aba d
040 ## - FUENTE DE CATALOGACIÓN
- Agencia original de catalogación: MX-MxUPN
- Lenguaje de catalogación: spa
100 1# - ENCABEZAMIENTO - NOMBRE PERSONAL
- Nombre personal: Baker, John
373 ## - GRUPO ASOCIADO
- Associated group: University College, Dublin
374 ## - OCUPACIÓN
- Occupation: Profesores universitarios
- Source of information: lemb
670 ## - FUENTE EN LA QUE SE LOCALIZARON DATOS
- Cita de la fuente: Igualdad afectiva, 2014:
- Información localizada: portada (John Baker) cubierta (profesor titular de Estudios de Equidad en el University College de Dublin).
